[Event "Philadelphia Open"]
[Site "Philadelphia"]
[Date "2013.03.30"]
[Round "6"]
[White "Hua, David"]
[Black "Fishbein, Alexander"]
[Result "0-1"]
[WhiteElo "2256"]
[BlackElo "2557"]
[PlyCount "137"]
[EventDate "2013.03.??"]
[EventType "swiss"]
[EventRounds "9"]
[EventCountry "USA"]
[Source "MonRoi"]

1. e4 c5 2. Nf3 d6 3. d4 cxd4 4. Nxd4 Nf6 5. Nc3 Nc6 6. Bc4 e6 7. Be3 a6 8. Qe2
Qc7 9. Bb3 Be7 10. O-O-O Na5 11. g4 b5 12. g5 Nxb3+ 13. axb3 Nd7 14. Kb1 b4 15.
Na2 a5 16. Nb5 Qb8 17. Qd3 O-O 18. Nxd6 Ne5 19. Qd4 Nf3 20. Qd3 Bxd6 21. Qxd6
Qxd6 22. Rxd6 Bb7 23. Rhd1 Bxe4 24. Nc1 Rfc8 25. Nd3 a4 26. Ka2 Bd5 27. Rxd5
exd5 28. Nxb4 Rab8 29. c3 axb3+ 30. Kxb3 Rd8 31. Bf4 Rb7 32. Rd3 Nh4 33. Kc2
Rbd7 34. Nc6 Re8 35. Ne5 Rdd8 36. Nc6 Rc8 37. Nb4 Ng2 38. Bd2 Ne1+ 39. Bxe1
Rxe1 40. Nxd5 Kf8 41. Kd2 Rb1 42. b4 Rb2+ 43. Ke1 Re8+ 44. Re3 Rxe3+ 45. Nxe3
Ke8 46. Kf1 Kd7 47. Nd5 Ke6 48. c4 Ke5 49. b5 Kd4 50. Ne3 Ke4 51. Kg2 f5 52.
gxf6 gxf6 53. Nd5 f5 54. Nf6+ Ke5 55. Nd5 Rb3 56. Ne3 Rb4 57. Kf3 h5 58. Nf1
Rxc4 59. Ng3 Rc3+ 60. Kg2 h4 61. f4+ Kf6 62. Nf1 Rb3 63. b6 Rxb6 64. Ne3 Rb2+
65. Kg1 h3 66. Nd5+ Ke6 67. Ne3 Re2 68. Nf1 Rg2+ 69. Kh1 0-1

[Event "Philadelphia Open"]
[Site "Philadelphia"]
[Date "2013.03.30"]
[Round "6"]
[White "Kekelidze, Mikheil"]
[Black "Harriott, Tyrell"]
[Result "1-0"]
[WhiteElo "2488"]
[BlackElo "2249"]
[PlyCount "109"]
[EventDate "2013.03.??"]
[EventType "swiss"]
[EventRounds "9"]
[EventCountry "USA"]
[Source "MonRoi"]

1. c4 d6 2. d4 Nf6 3. Nc3 Nbd7 4. Nf3 e5 5. Bg5 Be7 6. e3 h6 7. Bh4 g5 8. Bg3
Nh5 9. Qc2 c6 10. O-O-O Qa5 11. Bd3 Rb8 12. Bf5 b5 13. dxe5 Nxg3 14. hxg3 bxc4
15. exd6 Bf6 16. Nd4 Nc5 17. d7+ Bxd7 18. Bxd7+ Nxd7 19. Nxc6 Qc7 20. Qe4+ Kf8
21. Rxd7 Qxd7 22. Nxb8 Qc8 23. Nc6 Kg7 24. Ne7 Qa6 25. Nf5+ Kg6 26. Nxh6+ Kg7
27. Nf5+ Kg6 28. Nd6+ Kg7 29. Rxh8 Kxh8 30. Nxf7+ Kg7 31. Ne5 Qe6 32. Qg6+ Kf8
33. Qxf6+ Qxf6 34. Nd7+ Kf7 35. Nxf6 Kxf6 36. g4 Ke5 37. g3 Kf6 38. Ne4+ Kg6
39. Kc2 Kh6 40. Kc3 Kg6 41. Kxc4 Kh6 42. b4 Kg6 43. b5 Kf7 44. a4 Ke7 45. a5
Kd7 46. Nxg5 Kc8 47. Nh7 Kb8 48. g5 a6 49. g6 Ka7 50. g7 Kb7 51. g8=R axb5+ 52.
Kxb5 Ka7 53. Rg7+ Kb8 54. a6 Ka8 55. Kb6 1-0

[Event "Philadelphia Open"]
[Site "Philadelphia"]
[Date "2013.03.30"]
[Round "6"]
[White "Gorman, Dov"]
[Black "Pavlovic, Milos"]
[Result "0-1"]
[WhiteElo "2243"]
[BlackElo "2482"]
[PlyCount "94"]
[EventDate "2013.03.??"]
[EventType "swiss"]
[EventRounds "9"]
[EventCountry "USA"]
[Source "MonRoi"]

1. d4 Nf6 2. Nf3 g6 3. g3 c5 4. c3 b6 5. Bg2 Bb7 6. O-O Bg7 7. Qb3 Qc8 8. Ne5
O-O 9. Bxb7 Qxb7 10. dxc5 Qe4 11. cxb6 axb6 12. Nf3 Qxe2 13. c4 Nc6 14. Nbd2
Ng4 15. h3 Nge5 16. Re1 Qd3 17. Re3 Qd6 18. Nxe5 Nxe5 19. Nf3 Rfc8 20. Nxe5
Bxe5 21. Rd3 Qe6 22. Rd5 Ra5 23. Be3 Rxc4 24. Rxd7 Qxd7 25. Qxc4 Qxh3 26. Rc1
Bxb2 27. Qc8+ Qxc8 28. Rxc8+ Kg7 29. Rc2 Ba3 30. Bxb6 Ra6 31. Be3 h5 32. Kf1 f6
33. Ke2 g5 34. Kd3 Bd6 35. Re2 Kg6 36. Kc4 h4 37. gxh4 gxh4 38. Kb5 Ra3 39. Bc1
Rc3 40. Be3 Ra3 41. Bc1 Rd3 42. a4 Rb3+ 43. Ka6 h3 44. Be3 Rb1 45. f4 Kf5 46.
a5 Kg4 47. Bd2 Rb2 0-1

[Event "Philadelphia Open"]
[Site "Philadelphia"]
[Date "2013.03.30"]
[Round "6"]
[White "Vigorito, David"]
[Black "Balasubramanian, A."]
[Result "0-1"]
[WhiteElo "2437"]
[BlackElo "2351"]
[PlyCount "80"]
[EventDate "2013.03.??"]
[EventType "swiss"]
[EventRounds "9"]
[EventCountry "USA"]
[Source "MonRoi"]

1. c4 e5 2. Nc3 Nf6 3. Nf3 Nc6 4. e3 d6 5. d4 g6 6. Be2 Bg7 7. d5 Ne7 8. e4 O-O
9. h4 c6 10. Be3 Ng4 11. Bd2 Qb6 12. O-O h6 13. Ne1 f5 14. Bxg4 fxg4 15. Qc1
cxd5 16. cxd5 g3 17. Be3 Qa6 18. Nf3 gxf2+ 19. Rxf2 Kh7 20. Qd2 Ng8 21. Raf1
Bd7 22. Nh2 Nf6 23. Qe2 Qxe2 24. Rxe2 b5 25. b4 a5 26. a3 axb4 27. axb4 Rac8
28. Bd2 Rc4 29. Rb1 Ra8 30. Rb3 Ra1+ 31. Kf2 Bf8 32. Nf3 Be7 33. Ne1 Bd8 34.
Nc2 Rh1 35. Ke3 Rxh4 36. Na3 Bb6+ 37. Kd3 Nxe4 38. Nxe4 Rd4+ 39. Kc2 Rdxe4 40.
Rxe4 Rxe4 0-1

[Event "Philadelphia Open"]
[Site "Philadelphia"]
[Date "2013.03.30"]
[Round "6"]
[White "Homa, Seth"]
[Black "Coraretti, Benjamin"]
[Result "1/2-1/2"]
[WhiteElo "2307"]
[BlackElo "2123"]
[PlyCount "99"]
[EventDate "2013.03.??"]
[EventType "swiss"]
[EventRounds "9"]
[EventCountry "USA"]
[Source "MonRoi"]

1. d4 d5 2. c4 c6 3. Nf3 Nf6 4. e3 Bf5 5. Nc3 e6 6. Nh4 Bg6 7. Be2 Nbd7 8. g3
a6 9. Qb3 b5 10. cxd5 cxd5 11. Nxg6 hxg6 12. Bf3 Nb6 13. e4 dxe4 14. Nxe4 Nxe4
15. Bxe4 Nd5 16. O-O Be7 17. Re1 Ra7 18. a4 b4 19. Bd2 a5 20. Rac1 O-O 21. Rc6
Rd7 22. Be3 Bg5 23. Qc2 Bxe3 24. fxe3 Qg5 25. Qf2 Rb8 26. Rc5 Qd8 27. Rec1 Qg5
28. Bxd5 Rxd5 29. Qf4 Qxf4 30. gxf4 Rbd8 31. Rxd5 Rxd5 32. Rc8+ Kh7 33. Rc4 Rf5
34. h4 Rh5 35. Rc5 Kg8 36. Rc8+ Kh7 37. Ra8 Rxh4 38. Rxa5 Rh3 39. Re5 g5 40.
Kg2 g4 41. f5 exf5 42. d5 f4 43. exf4 Rb3 44. Re2 Rd3 45. b3 Rxb3 46. Rd2 Rc3
47. d6 Rc8 48. a5 b3 49. d7 Rd8 50. a6 1/2-1/2

[Event "Philadelphia Open"]
[Site "Philadelphia"]
[Date "2013.03.30"]
[Round "6"]
[White "Mandiza, Farai"]
[Black "Barnett, Alex"]
[Result "1-0"]
[WhiteElo "2441"]
[BlackElo "2214"]
[PlyCount "73"]
[EventDate "2013.03.??"]
[EventType "swiss"]
[EventRounds "9"]
[EventCountry "USA"]
[Source "MonRoi"]

1. d4 Nf6 2. c4 g6 3. Nc3 Bg7 4. e4 d6 5. Nf3 O-O 6. Be2 e5 7. Be3 Ng4 8. Bg5
f6 9. Bh4 g5 10. Bg3 Nc6 11. d5 Ne7 12. h4 Ng6 13. Nd2 Nh6 14. hxg5 fxg5 15.
Nf1 Nf4 16. Ne3 c5 17. Bf1 Nf7 18. Bh2 Qf6 19. Bg1 Bd7 20. g3 Ng6 21. Qh5 Nh6
22. Bd3 Ne7 23. Be2 Qg6 24. f3 a6 25. Qxg6 Nxg6 26. Rh5 Nf7 27. Nf5 Rfe8 28.
Be3 h6 29. O-O-O Nf8 30. Rdh1 Nh7 31. Nxh6+ Nxh6 32. Rxh6 Bxh6 33. Rxh6 Rac8
34. Rxd6 Re7 35. Rb6 Be8 36. Nd1 Kf7 37. Nf2 1-0

[Event "Philadelphia Open"]
[Site "Philadelphia"]
[Date "2013.03.30"]
[Round "6"]
[White "Most, Eric"]
[Black "Ostrovskiy, Aleksandr"]
[Result "0-1"]
[WhiteElo "2167"]
[BlackElo "2379"]
[PlyCount "46"]
[EventDate "2013.03.??"]
[EventType "swiss"]
[EventRounds "9"]
[EventCountry "USA"]
[Source "MonRoi"]

1. e4 c6 2. Nc3 d5 3. Nf3 Nf6 4. exd5 cxd5 5. d4 Nc6 6. Bb5 Bg4 7. h3 Bxf3 8.
Qxf3 e6 9. Bf4 a6 10. Bxc6+ bxc6 11. O-O c5 12. dxc5 Bxc5 13. Na4 Be7 14. c4
O-O 15. Rac1 Qa5 16. b3 Rac8 17. c5 Ne4 18. a3 Qb5 19. Rc2 Nxc5 20. Rfc1 Nxb3
21. Rxc8 Nxc1 22. Rxf8+ Bxf8 23. Nc3 Qb2 0-1

[Event "Philadelphia Open"]
[Site "Philadelphia"]
[Date "2013.03.30"]
[Round "6"]
[White "Defibaugh, Jared"]
[Black "Balakrishnan, Praveen"]
[Result "1-0"]
[WhiteElo "2287"]
[BlackElo "2026"]
[PlyCount "105"]
[EventDate "2013.03.??"]
[EventType "swiss"]
[EventRounds "9"]
[EventCountry "USA"]
[Source "MonRoi"]

1. e4 c6 2. d4 d5 3. e5 Bf5 4. h4 h5 5. c4 e6 6. Nc3 Ne7 7. Bg5 Qd7 8. Nge2
dxc4 9. Ng3 Bg6 10. Bxc4 Nd5 11. O-O Be7 12. Nce4 f6 13. exf6 gxf6 14. Bd2 f5
15. Ng5 Bxg5 16. Bxg5 Qf7 17. Re1 Nd7 18. Qe2 Nf8 19. Qe5 Rh7 20. Bxd5 cxd5 21.
Ne2 Qc7 22. Qe3 Qd6 23. Nf4 Kf7 24. Qb3 Kg8 25. Re5 b6 26. Rae1 Bf7 27. Bf6 Rh6
28. Qg3+ Ng6 29. Qg5 Kh7 30. Nxg6 Rg8 31. Be7 Qb8 32. Nf8+ Rxf8 33. Bxf8 Qxf8
34. Rc1 Rg6 35. Qe3 Qd8 36. g3 Qxh4 37. Kg2 Qg4 38. Rh1 Rg7 39. Rh3 Kg8 40. f3
Qg6 41. Qf4 Qf6 42. Re2 Qd8 43. Rc2 Qe8 44. Rh1 Kh7 45. Rc7 Qb5 46. Qd2 a5 47.
Kf2 a4 48. Rhc1 Qe8 49. Rb7 b5 50. Qf4 Kg6 51. g4 hxg4 52. fxg4 fxg4 53. Rh1
1-0

[Event "Philadelphia Open"]
[Site "Philadelphia"]
[Date "2013.03.30"]
[Round "6"]
[White "Checa, Nicolas De"]
[Black "Mo, Kevin"]
[Result "1/2-1/2"]
[WhiteElo "2032"]
[BlackElo "2282"]
[PlyCount "93"]
[EventDate "2013.03.??"]
[EventType "swiss"]
[EventRounds "9"]
[EventCountry "USA"]
[Source "MonRoi"]

1. d4 Nf6 2. c4 g6 3. Nc3 Bg7 4. e4 d6 5. Nf3 O-O 6. Be2 e5 7. O-O Nc6 8. d5
Ne7 9. Ne1 Nd7 10. Be3 f5 11. f3 f4 12. Bf2 g5 13. Rc1 a6 14. Nd3 b6 15. b4 Rf6
16. c5 Rh6 17. Kh1 Qe8 18. g4 fxg3 19. Bxg3 Nf6 20. Qd2 Rg6 21. Rg1 Nh5 22.
cxd6 cxd6 23. Bf2 Bh6 24. Be3 Nf4 25. Nxf4 exf4 26. Bxb6 g4 27. fxg4 Rb8 28.
Bd4 Rxb4 29. Bf3 Qf8 30. Rb1 Rxb1 31. Nxb1 Bd7 32. Nc3 Qc8 33. h3 Bg5 34. Ne2
Rh6 35. Nxf4 Rxh3+ 36. Kg2 Bxg4 37. Bxg4 Qxg4+ 38. Kf1 Rf3+ 39. Bf2 Qxf4 40.
Rxg5+ Ng6 41. Qxf4 Rxf4 42. Rg3 Rxe4 43. Ra3 Re5 44. Rxa6 Rxd5 45. Ra8+ Kf7 46.
Ra7+ Ke6 47. Rxh7 1/2-1/2

[Event "Philadelphia Open"]
[Site "Philadelphia"]
[Date "2013.03.30"]
[Round "6"]
[White "Chandra, Akshat"]
[Black "Zhang, Yuanchen"]
[Result "1-0"]
[WhiteElo "2265"]
[BlackElo "2018"]
[PlyCount "67"]
[EventDate "2013.03.??"]
[EventType "swiss"]
[EventRounds "9"]
[EventCountry "USA"]
[Source "MonRoi"]

1. e4 e5 2. Nf3 Nc6 3. Bb5 a6 4. Ba4 Nf6 5. d3 b5 6. Bb3 Be7 7. c3 O-O 8. Nbd2
d6 9. Nf1 Na5 10. Bc2 c5 11. Ng3 Qc7 12. O-O Nc6 13. Re1 Be6 14. h3 h6 15. Nh4
Nxe4 16. Rxe4 f5 17. Nhxf5 Bxf5 18. Nxf5 Rxf5 19. d4 cxd4 20. Rg4 Rf6 21. Qd3
Bf8 22. Qh7+ Kf7 23. cxd4 Nxd4 24. Rxd4 Qb6 25. Bb3+ Ke8 26. Rd2 d5 27. Re2 Qd6
28. Qd3 Rd8 29. Qg3 Re6 30. Bd2 g6 31. Rae1 Bg7 32. Bc3 Qe7 33. Bxe5 h5 34. f4
1-0

[Event "Philadelphia Open"]
[Site "Philadelphia"]
[Date "2013.03.30"]
[Round "6"]
[White "Ulrich, Thomas"]
[Black "Williams, Justus"]
[Result "1/2-1/2"]
[WhiteElo "2239"]
[BlackElo "2188"]
[PlyCount "121"]
[EventDate "2013.03.??"]
[EventType "swiss"]
[EventRounds "9"]
[EventCountry "USA"]
[Source "MonRoi"]

1. d4 Nf6 2. c4 e6 3. Nc3 Bb4 4. e3 b6 5. Nge2 c5 6. a3 Ba5 7. Rb1 Na6 8. g3
Bb7 9. d5 exd5 10. Bg2 O-O 11. O-O Bxc3 12. Nxc3 Nc7 13. cxd5 d6 14. a4 Na6 15.
e4 Nb4 16. Re1 Ba6 17. Re3 Qd7 18. h3 Rfe8 19. b3 Re7 20. g4 h6 21. Ne2 Bxe2
22. Qxe2 Rae8 23. Bb2 Nh7 24. Re1 Nf8 25. Qd2 Ng6 26. Rg3 f6 27. f4 b5 28. axb5
Qxb5 29. Rf1 c4 30. bxc4 Qxc4 31. Rc1 Qb5 32. Bd4 a5 33. Ra3 Rxe4 34. Bxe4 Rxe4
35. Be3 Nxd5 36. Rxa5 Qb3 37. Qxd5+ Qxd5 38. Rxd5 Rxe3 39. f5 Nf4 40. Rc8+ Kf7
41. Rxd6 Nxh3+ 42. Kh2 Ng5 43. Rd7+ Re7 44. Rxe7+ Kxe7 45. Rc7+ Kf8 46. Kg3 Kg8
47. Kf4 Nf7 48. Rc4 Ne5 49. Re4 Kf7 50. Ke3 Kg8 51. Kd4 Kf7 52. Kd5 Ke7 53. Rb4
Kf7 54. Ra4 Nf3 55. Ra7+ Kg8 56. Ke6 h5 57. gxh5 Nd4+ 58. Kd5 Nxf5 59. Ra3 Kh7
60. Ke4 g6 61. hxg6+ 1/2-1/2

[Event "Philadelphia Open"]
[Site "Philadelphia"]
[Date "2013.03.30"]
[Round "7"]
[White "Hambleton, Aman"]
[Black "Naroditsky, Daniel"]
[Result "1/2-1/2"]
[WhiteElo "2495"]
[BlackElo "2472"]
[PlyCount "34"]
[EventDate "2013.03.??"]
[EventType "swiss"]
[EventRounds "9"]
[EventCountry "USA"]
[Source "MonRoi"]

1. d4 Nf6 2. c4 e6 3. Nc3 Bb4 4. Qc2 O-O 5. a3 Bxc3+ 6. Qxc3 b6 7. Bg5 Bb7 8.
f3 h6 9. Bh4 d5 10. e3 Nbd7 11. cxd5 Nxd5 12. Bxd8 Nxc3 13. Bh4 Nd5 14. Bf2 c5
15. Bb5 Rfd8 16. Ne2 cxd4 17. Nxd4 a6 1/2-1/2

[Event "Philadelphia Open"]
[Site "Philadelphia"]
[Date "2013.03.30"]
[Round "7"]
[White "Izoria, Zviad"]
[Black "Corrales Jimenez, Fidel"]
[Result "1/2-1/2"]
[WhiteElo "2583"]
[BlackElo "2601"]
[PlyCount "37"]
[EventDate "2013.03.??"]
[EventType "swiss"]
[EventRounds "9"]
[EventCountry "USA"]
[Source "MonRoi"]

1. e4 c5 2. Nf3 d6 3. d4 cxd4 4. Nxd4 Nf6 5. Nc3 a6 6. Bg5 e6 7. f4 Be7 8. Qf3
Qc7 9. O-O-O Nc6 10. Nxc6 Qxc6 11. Be2 Bd7 12. Qg3 h6 13. Bxf6 Bxf6 14. e5 dxe5
15. fxe5 Bg5+ 16. Kb1 O-O 17. Rd6 Qc7 18. Ne4 Bb5 19. Nxg5 1/2-1/2

[Event "Philadelphia Open"]
[Site "Philadelphia"]
[Date "2013.03.30"]
[Round "7"]
[White "Yang, Darwin"]
[Black "Panchanathan, Magesh Chandran"]
[Result "1/2-1/2"]
[WhiteElo "2486"]
[BlackElo "2579"]
[PlyCount "95"]
[EventDate "2013.03.??"]
[EventType "swiss"]
[EventRounds "9"]
[EventCountry "USA"]
[Source "MonRoi"]

1. d4 Nf6 2. c4 e6 3. Nc3 Bb4 4. e3 O-O 5. Nge2 Re8 6. a3 Bf8 7. Ng3 d5 8. Be2
Nbd7 9. O-O dxc4 10. Bxc4 Nb6 11. Be2 e5 12. dxe5 Qxd1 13. Rxd1 Rxe5 14. e4 c6
15. Be3 Re8 16. Bd4 Nfd7 17. b4 Ne5 18. f4 Ng6 19. Be3 Be7 20. Rac1 f6 21. Kf2
Nf8 22. Nf5 Bxf5 23. exf5 Red8 24. Bc5 Kf7 25. Ne4 Rxd1 26. Rxd1 Nfd7 27. Nd6+
Bxd6 28. Bxd6 a6 29. a4 g6 30. Bg4 Nf8 31. a5 Nd5 32. fxg6+ hxg6 33. f5 Rd8 34.
Bxf8 Rxf8 35. Bf3 Rd8 36. fxg6+ Kxg6 37. g4 f5 38. gxf5+ Kxf5 39. h4 Ke5 40. h5
Rf8 41. h6 Rh8 42. Re1+ Kd4 43. Bxd5 cxd5 44. Re7 Rxh6 45. Rxb7 Rh2+ 46. Kf3
Rh8 47. Ra7 Rh6 48. Rb7 1/2-1/2

[Event "Philadelphia Open"]
[Site "Philadelphia"]
[Date "2013.03.30"]
[Round "7"]
[White "Margvelashvili, Giorgi"]
[Black "Bryant, John"]
[Result "1-0"]
[WhiteElo "2565"]
[BlackElo "2454"]
[PlyCount "133"]
[EventDate "2013.03.??"]
[EventType "swiss"]
[EventRounds "9"]
[EventCountry "USA"]
[Source "MonRoi"]

1. c4 Nf6 2. Nf3 e6 3. g3 d5 4. b3 Be7 5. Bg2 O-O 6. O-O b6 7. Bb2 Bb7 8. e3
dxc4 9. bxc4 c5 10. Nc3 Nc6 11. Qe2 Qd7 12. Rad1 Rad8 13. Ne1 Qc8 14. f4 Rd7
15. g4 Rfd8 16. f5 exf5 17. Rxf5 g6 18. Rf1 Ne5 19. g5 Bxg2 20. Nxg2 Ne8 21.
Nd5 Qb8 22. Nxe7+ Rxe7 23. Nf4 Nc7 24. d4 cxd4 25. exd4 Nc6 26. Qf2 Na5 27. d5
Nxc4 28. d6 Nxb2 29. Qxb2 Red7 30. dxc7 Qxc7 31. Rxd7 Qxd7 32. Qg2 Qd4+ 33. Kh1
Qd2 34. h4 Qxg2+ 35. Kxg2 Kg7 36. Kf3 h6 37. Rc1 hxg5 38. hxg5 Rd2 39. a3 Rd4
40. Rc3 a5 41. Rb3 Rc4 42. Kg4 Rc6 43. Nd5 Rc4+ 44. Kf3 Rc5 45. Nxb6 Rxg5 46.
a4 Kf6 47. Re3 Rh5 48. Kg3 Rh1 49. Nd7+ Kg5 50. Re5+ f5 51. Rxa5 Ra1 52. Ne5
Ra3+ 53. Nf3+ Kh5 54. Kf4 Rb3 55. Rb5 Ra3 56. a5 Ra4+ 57. Kg3 Ra3 58. Kf4 Ra4+
59. Kg3 Ra3 60. Rd5 Kh6 61. Kf4 Ra4+ 62. Ke5 g5 63. Kf6 f4 64. Rxg5 Ra3 65. Nd4
Kh7 66. Rh5+ Kg8 67. Nc6 1-0

[Event "Philadelphia Open"]
[Site "Philadelphia"]
[Date "2013.03.30"]
[Round "7"]
[White "Shabalov, Alexander"]
[Black "Shen, Arthur"]
[Result "1-0"]
[WhiteElo "2550"]
[BlackElo "2227"]
[PlyCount "93"]
[EventDate "2013.03.??"]
[EventType "swiss"]
[EventRounds "9"]
[EventCountry "USA"]
[Source "MonRoi"]

1. e4 c5 2. Nf3 d6 3. d4 cxd4 4. Nxd4 Nf6 5. Nc3 a6 6. Be3 e5 7. Nb3 Be6 8. h3
Be7 9. Qf3 O-O 10. g4 a5 11. a4 Na6 12. O-O-O Rc8 13. Kb1 Rxc3 14. bxc3 d5 15.
Bg2 Qc7 16. exd5 e4 17. Qe2 Nxd5 18. Rxd5 Bxd5 19. Qb5 Bc4 20. Qxa5 b6 21. Qxb6
Qd7 22. Bxe4 Qxa4 23. Bc6 Qa3 24. Qa5 Qd6 25. Bb7 Rb8 26. Bxa6 Bxa6 27. Bd4 Qc6
28. Re1 Bf8 29. Qe5 Ra8 30. Qe4 Qc8 31. Qf5 Qc6 32. Qe4 Qc8 33. Kc1 Bc4 34. Kd2
Be6 35. Nc1 Qd8 36. Nd3 Ra2 37. Rb1 Bd6 38. Rb6 h6 39. f4 Bc4 40. Ne5 Bxe5 41.
Qxe5 f6 42. Rb8 fxe5 43. Rxd8+ Kf7 44. Bxe5 Ra7 45. Ke3 h5 46. gxh5 Be6 47. Rh8
1-0

[Event "Philadelphia Open"]
[Site "Philadelphia"]
[Date "2013.03.30"]
[Round "7"]
[White "Pavlovic, Milos"]
[Black "D'Costa, Lorin"]
[Result "1/2-1/2"]
[WhiteElo "2482"]
[BlackElo "2416"]
[PlyCount "45"]
[EventDate "2013.03.??"]
[EventType "swiss"]
[EventRounds "9"]
[EventCountry "USA"]
[Source "MonRoi"]

1. d4 Nf6 2. c4 e6 3. Nf3 b6 4. g3 Ba6 5. Nbd2 d5 6. Bg2 Nbd7 7. O-O c6 8. Qc2
Be7 9. b3 O-O 10. Rd1 Rc8 11. e4 Bb7 12. Bb2 dxe4 13. Nxe4 Nxe4 14. Qxe4 Qc7
15. Qe2 Nf6 16. Ne5 Rfd8 17. Rd3 c5 18. Rad1 cxd4 19. Rxd4 Rxd4 20. Rxd4 a6 21.
Bxb7 Qxb7 22. Qd3 b5 23. Qf3 1/2-1/2

[Event "Philadelphia Open"]
[Site "Philadelphia"]
[Date "2013.03.30"]
[Round "7"]
[White "Perez, Robert"]
[Black "Jayakumar, Adarsh"]
[Result "1/2-1/2"]
[WhiteElo "2361"]
[BlackElo "2294"]
[PlyCount "73"]
[EventDate "2013.03.??"]
[EventType "swiss"]
[EventRounds "9"]
[EventCountry "USA"]
[Source "MonRoi"]

1. d4 d5 2. c4 e6 3. cxd5 exd5 4. Nc3 c6 5. Qc2 Be7 6. Bf4 Nf6 7. e3 O-O 8. Bd3
Nbd7 9. h3 Re8 10. Nf3 Nf8 11. O-O Ng6 12. Bh2 Bd6 13. Bxd6 Qxd6 14. Rab1 a5
15. Rfc1 Be6 16. a3 b5 17. Nd2 Nd7 18. a4 b4 19. Ne2 Rec8 20. Nb3 Qe7 21. Nc5
Qf6 22. Nxd7 Bxd7 23. Ng3 Nf8 24. Nf1 g6 25. Nd2 c5 26. dxc5 Ne6 27. Bb5 Bxb5
28. axb5 Rxc5 29. Qa4 Rxc1+ 30. Rxc1 Qxb2 31. Rc2 Qa3 32. Qxa3 bxa3 33. Nb1 d4
34. Nxa3 d3 35. Rc1 Rd8 36. b6 Nc5 37. Nc4 1/2-1/2

[Event "Philadelphia Open"]
[Site "Philadelphia"]
[Date "2013.03.30"]
[Round "7"]
[White "Bartell, Thomas"]
[Black "Hua, David"]
[Result "1/2-1/2"]
[WhiteElo "2381"]
[BlackElo "2256"]
[PlyCount "89"]
[EventDate "2013.03.??"]
[EventType "swiss"]
[EventRounds "9"]
[EventCountry "USA"]
[Source "MonRoi"]

1. d4 Nf6 2. c4 e6 3. Nc3 Bb4 4. Qc2 O-O 5. a3 Bxc3+ 6. Qxc3 b5 7. cxb5 c6 8.
Bg5 cxb5 9. e3 Bb7 10. Nf3 a6 11. Rc1 Nc6 12. Bd3 h6 13. Bh4 Rc8 14. Qd2 g5 15.
Bg3 Na5 16. Rxc8 Qxc8 17. O-O Nc4 18. Qc1 Qa8 19. b3 Nb6 20. Ne1 Rc8 21. Qb2
Ne4 22. Be5 d6 23. Bxe4 dxe5 24. Bxb7 Qxb7 25. dxe5 Qe4 26. Nf3 g4 27. Nd4 Qxe5
28. Rc1 Rxc1+ 29. Qxc1 Nd5 30. g3 Qe4 31. Qc2 Qxc2 32. Nxc2 Kg7 33. Kf1 Kf6 34.
Ke2 Ke5 35. Kd3 f5 36. Nd4 Nf6 37. Nc6+ Kd6 38. Nb4 a5 39. Nc2 e5 40. Ke2 Ne4
41. Ne1 Nc3+ 42. Kd3 Nd1 43. Ke2 Nc3+ 44. Kd3 Nd1 45. Ke2 1/2-1/2

[Event "Philadelphia Open"]
[Site "Philadelphia"]
[Date "2013.03.30"]
[Round "7"]
[White "Leon, Isaac"]
[Black "Zenyuk, Iryna"]
[Result "1-0"]
[WhiteElo "2107"]
[BlackElo "2263"]
[PlyCount "67"]
[EventDate "2013.03.??"]
[EventType "swiss"]
[EventRounds "9"]
[EventCountry "USA"]
[Source "MonRoi"]

1. d4 Nf6 2. c4 g6 3. Nc3 Bg7 4. e4 d6 5. Be2 O-O 6. Nf3 e5 7. d5 a5 8. Bg5 Na6
9. Nd2 Qe8 10. O-O h6 11. Be3 Bd7 12. b3 Qb8 13. a3 c6 14. f3 Nh5 15. Re1 Nf4
16. Bf1 Nc5 17. Qb1 cxd5 18. cxd5 b5 19. b4 axb4 20. axb4 Rxa1 21. Qxa1 Na4 22.
Nxa4 bxa4 23. b5 Qa8 24. Rb1 Rb8 25. Qa3 Bf8 26. Rb4 Rb7 27. Rxa4 Qb8 28. Ra8
Qc7 29. Qa5 Qxa5 30. Rxa5 Nh5 31. Ra7 Rxa7 32. Bxa7 Nf6 33. b6 Bc8 34. Bb5 1-0

[Event "Philadelphia Open"]
[Site "Philadelphia"]
[Date "2013.03.30"]
[Round "7"]
[White "Harriott, Tyrell"]
[Black "Homa, Seth"]
[Result "0-1"]
[WhiteElo "2249"]
[BlackElo "2307"]
[PlyCount "70"]
[EventDate "2013.03.??"]
[EventType "swiss"]
[EventRounds "9"]
[EventCountry "USA"]
[Source "MonRoi"]

1. d4 e6 2. e3 Nf6 3. Bd3 b6 4. f4 c5 5. Nf3 Bb7 6. Nbd2 Qc7 7. O-O cxd4 8.
Nxd4 a6 9. Qe2 d6 10. e4 Nbd7 11. c3 Be7 12. Bc2 O-O 13. N2f3 d5 14. e5 Ne4 15.
Ng5 Nxg5 16. fxg5 Nxe5 17. Bf4 Bd6 18. Bxe5 Bxe5 19. Nxe6 fxe6 20. Bxh7+ Kxh7
21. Qh5+ Kg8 22. g6 Rf5 23. Rxf5 exf5 24. Qxf5 Bxh2+ 25. Kh1 Qf4 26. Qe6+ Kf8
27. Re1 Qf6 28. Qd7 Bd6 29. Qh3 Qxg6 30. Qh8+ Kf7 31. Rf1+ Ke7 32. Qh4+ Kd7 33.
Qh3+ Kc7 34. b4 Rf8 35. Re1 Qe8 0-1

[Event "Philadelphia Open"]
[Site "Philadelphia"]
[Date "2013.03.30"]
[Round "7"]
[White "Mo, Kevin"]
[Black "Williams, Justus"]
[Result "1-0"]
[WhiteElo "2282"]
[BlackElo "2188"]
[PlyCount "79"]
[EventDate "2013.03.??"]
[EventType "swiss"]
[EventRounds "9"]
[EventCountry "USA"]
[Source "MonRoi"]

1. e4 c5 2. Nf3 d6 3. d4 cxd4 4. Nxd4 Nf6 5. Nc3 a6 6. Bg5 e6 7. f4 Be7 8. Qf3
h6 9. Bh4 Nbd7 10. O-O-O Qc7 11. Be2 b5 12. e5 Bb7 13. exf6 Bxf3 14. Bxf3 Bxf6
15. Bxf6 Rc8 16. Bh4 b4 17. Ne4 d5 18. Nd2 Qxf4 19. Bf2 e5 20. Rhe1 O-O 21. Be3
Qf6 22. N4b3 d4 23. Bg1 a5 24. Nxa5 Qg6 25. Be4 Qa6 26. Ndb3 Rc7 27. Kb1 Rfc8
28. Bf5 f6 29. g4 Qb6 30. Bd3 Ra8 31. Nc4 Qa6 32. Nca5 Qa7 33. Be4 Rac8 34. h4
Qb6 35. Bd3 Ra8 36. Nc4 Qa6 37. Nca5 Qc8 38. Be4 Raa7 39. Bh2 Nb6 40. Rg1 1-0

[Event "Philadelphia Open"]
[Site "Philadelphia"]
[Date "2013.03.30"]
[Round "7"]
[White "Wu, Christopher"]
[Black "Balakrishnan, Praveen"]
[Result "0-1"]
[WhiteElo "2244"]
[BlackElo "2026"]
[PlyCount "130"]
[EventDate "2013.03.??"]
[EventType "swiss"]
[EventRounds "9"]
[EventCountry "USA"]
[Source "MonRoi"]

1. e4 c6 2. d4 d5 3. Nc3 dxe4 4. Nxe4 Bf5 5. Ng3 Bg6 6. h4 h6 7. Nf3 Nd7 8. h5
Bh7 9. Bd3 Bxd3 10. Qxd3 e6 11. Bd2 Ngf6 12. O-O-O Be7 13. Kb1 O-O 14. Ne4 Nxe4
15. Qxe4 Nf6 16. Qe2 Qd5 17. Be3 Bd6 18. Nd2 Qb5 19. c4 Qf5+ 20. Ka1 b5 21. c5
Bc7 22. Rdg1 Ng4 23. Rh4 Nxe3 24. fxe3 Qd5 25. g4 f6 26. Qf3 Qxf3 27. Nxf3 e5
28. Rhh1 exd4 29. exd4 Rfe8 30. Re1 Bg3 31. Reg1 Bf4 32. Re1 Bg3 33. Reg1 Bc7
34. Re1 Ba5 35. Rxe8+ Rxe8 36. Rh2 Re4 37. Rg2 Re3 38. Rf2 Re4 39. Rg2 Kf7 40.
Kb1 Rf4 41. Rg3 Ke6 42. Kc2 Kd5 43. Kd3 Bc7 44. b3 a5 45. a3 b4 46. axb4 axb4
47. Kd2 Ke4 48. Ke2 Bb8 49. Kf2 Kd3 50. Rg1 Re4 51. Rd1+ Kc2 52. Ra1 Bf4 53.
Ra6 Be3+ 54. Kg2 Bxd4 55. Rxc6 Bc3 56. Rd6 Kxb3 57. c6 Rc4 58. Kf2 Kc2 59. Ke2
b3 60. Nd2 Bxd2 61. Rxd2+ Kb1 62. Kd3 Rxc6 63. Re2 b2 64. Re8 Ra6 65. Kc3 Ka1
0-1